Kiállítás a JATE-klubban (Rövid hír)
Elmentve itt :
| Dokumentumtípus: | Cikk |
|---|---|
| Megjelent: |
1976-10-05
|
| Sorozat: | Délmagyarország
66 No. 235 |
| Online Access: | http://dmarchiv.bibl.u-szeged.hu/89306 |
| LEADER | 00380nab a2200133 i 4500 | ||
|---|---|---|---|
| 001 | delm89306 | ||
| 005 | 20190426135944.0 | ||
| 008 | 190426s1976 hu o 0|| hun d | ||
| 040 | |a SZTE Délmagyarország Archívum |b hun | ||
| 041 | |a hun | ||
| 245 | 0 | 0 | |a Kiállítás a JATE-klubban (Rövid hír) |h [elektronikus dokumentum] |
| 260 | |c 1976-10-05 | ||
| 300 | |a 8 | ||
| 490 | 0 | |a Délmagyarország |v 66 No. 235 | |